The Fred Gauntlet - Statistics

General Stats
  • This quiz has been taken 7 times
  • The average score is 44 of 76
Answer Stats
Hint Answer % Correct
Fred's server join date August 20
100%
Thirteenth was an EP called: (2) deathbed conversions
100%
Fourteenth was an EP called: (2) Eclectically Yours,
100%
Seventeenth was an EP called: (4) End Of The Tunnel
100%
Fred's actual name Gabriel
100%
Fred's favorite meme song Giga Pudding
100%
Fred's eye color Green Hazel
100%
Sixteenth was an EP called: (2) Hard Reset
100%
Fred's artist name on Spotify Ravenshade
100%
Finally, twentieth was an album called: (2) slow burn
100%
Fred's favorite sport Soccer
100%
Fred's favorite Apex legend Vantage
100%
Fred's favorite fruit Apple
83%
Fred's only varsity sport in high school (not the same as last answer) Baseball
83%
Fred's favorite Gamer Supps flavor Blue
83%
Fred's inspiration for his name Fredboat
83%
Fred's name in the lore Giga Salamanfred, Berserker God
83%
Fifteenth was an album called: (2) Seasonal Expression
83%
Eighteenth was an album called: (7) things we were never meant to own
83%
Fred's favorite Kansas landmark Big Brutus
67%
Fred's favorite Great Value product Cheese Wow
67%
Sixth was an album called: (1) childhood
67%
The next twenty questions are Fred's musical works in order of release. Hints will be given in number of words only. The first was a single called: (1) Dark
67%
Fred's highest rank in Rocket League in any playlist Diamond 1
67%
Ninth was a double feature called: (1) Encore
67%
Fourth was an EP called: (8) for the last time, yes i want this
67%
Eighth was an album called: (1) History
67%
Eleventh was an EP called: (1) Indiana
67%
Fred's least favorite American city, due to its traffic and construction patterns Kansas City
67%
Fred's favorite MLB team (ironically) New York Mets
67%
Third was an album called: (1) Playact
67%
Seventh was an album called: (1) Regime
67%
Fifth was an album called: (1) Seasons
67%
Fred's favorite Pokémon Sobble
67%
Twelfth was an album called: (3) Summer of '22
67%
Fred's only reason to go to Chicago The Bean
67%
Fred's first added Nerd Central emote :thedevil:
67%
Tenth was a single called: (5) The Incident At Dawson Cemetery
67%
Nineteenth was an EP called: (4) The One Melody Musical
67%
Fred's least favorite Imagine Dragons song Thunder
67%
Second was an EP called: (1) Turntables
67%
Fred's second favorite question to ask people for fun Would you rather have unlimited bacon but no more video games, or games, unlimited games, but no more games?
67%
Fred's favorite NFL team Chicago Bears
50%
Fred's D&D character who carries enough firearms to arm a small country Clem Matherson
50%
Which artist has Fred seen in concert twice? Fall Out Boy
50%
Fred's summer camp nickname Garfield
50%
Fred's first Pokémon ever (name, not type) mup
50%
Fred's most-played game Skyrim
50%
Fred's favorite artificial flavoring Watermelon
50%
Fred's favorite type of physical music 8-Track
33%
Fred's highest streamed song of all time (written by him) Ape Cube Remix
33%
Fred's favorite animal Cat
33%
Fred's favorite MLB team (unironically) Chicago Cubs
33%
Fred's go-to band to make his mother upset with him Coldplay
33%
Fred's least favorite thing about St. Louis Gateway Arch
33%
Fred's most-listened to artist of the past two years Lord Huron
33%
Fred's favorite snack Peanut M&Ms
33%
Fred's favorite book series Percy Jackson
33%
Fred's favorite Nerd Central emote :prepare:
33%
Fred's favorite activity in high school Scholar's Bowl
33%
Fred's D&D character whose animal companion is Lancia Taqqiq Charleron
33%
Fred's favorite running server joke Taxes, yeaaaaaaaaaaah
33%
Fred's favorite book series in middle school Warriors
33%
Fred's favorite Imagine Dragons song 30 Lives (Demo)
17%
Fred's most played song, according to iTunes (not by his favorite artist) Caution
17%
Fred's favorite My Chemical Romance song Desert Song
17%
Follow-up to the last question, what does Fred call it instead of its actual name? Half-A-McDonalds
17%
Fred's catchphrase in Miitopia "It's about the Mets, baby!"
17%
Fred's car's name Lil' Floppa
17%
Fred's least favorite musical artist Machine Gun Kelly
17%
Fred's least favorite food Mushrooms
17%
Fred's favorite Peggle character Renfield
17%
Fred's favorite Kevin Macleod song Scheming Weasel
17%
Fred's first Forza race creation Shadow Wizard Money Gang Special
17%
Fred's favorite Johnny Horton song Sink the Bismark
17%
Fred's favorite question to ask people for fun Why do they call it oven when you of in the cold food of out hot eat the food?
17%
No matching quizzes found
Score Distribution
Percent of People with Each Score
Percentile by Number Answered
Your Score History
You have not taken this quiz